000 00887nam a2200253Ia 4500
003 OSt
005 20220930092428.0
006 a|||||r|||| 00| 0
007 ta
008 220926b |||||||| |||| 00| 0 eng d
024 _a21229
037 _cTheses
040 _aCRL
_cCRL
_beng
041 _2eng
_aeng
100 _aSanjeev Kumar
_9147543
110 _aUniversity of Delhi. Faculty of Science. Department of Chemistry
245 0 _aSynthesis and characterization of cobalt and ruthenium dithiocarbamate coordination polymer nanoparticles and their application in phtovoltaics sensing and targeted drugs
260 _c2014
650 _aCHEMISTRY
700 _a Dr. Raj Kishore Sharma Gu.
_9542798
700 _aUniversity of Delhi. Faculty of Science. Department of Chemistry
942 _cDIS
_2CC
999 _c883757
_d883757